Statistics for Roblox BedWars Kits

Click here to take the quiz!

General Stats

  • This quiz has been taken 333 times
  • The average score is 5 of 6

Answer Stats

HintAnswer% Correct
Kill somebody = getting the way to ragebladeBarbarian
93%
90hpAery
90%
Detect stuffMetal Detector
90%
Grow Melons and CarrotsFarmer Cletus
86%
Catch ghosts, just need 60 ironGompy
85%
Catch iron or rare stuff that you cant basically find in a few seconds!Fishermen
66%

Score Distribution

Percentile by Number Answered

Percent of People with Each Score

Your Score History

You have not taken this quiz